Sports Quiz

Random Sports or NBA Quiz

NBA: 25 points without teammate assists Quiz Stats

 Plays Quiz not verified by Sporcle

Score 0/88 Timer 08:00
0 Plays Today
Pts Player % Correct
42LeBron James (2006)
96.2%
33LeBron James (2007)
96.2%
31LeBron James (2008)
96.2%
25LeBron James (2018)
96.2%
28Mike James (2006)
95.1%
26Mike James (2006)
95.1%
40James Harden (2019)
92.3%
39James Harden (2019)
92.3%
37James Harden (2019)
92.3%
36James Harden (2019)
92.2%
33James Harden (2018)
92.2%
32James Harden (2017)
92.2%
31James Harden (2018)
92.2%
30James Harden (2019)
92.2%
28James Harden (2017)
92.2%
28James Harden (2019)
92.2%
28James Harden (2019)
92.2%
27James Harden (2017)
92.2%
27James Harden (2019)
92.2%
27James Harden (2019)
92.2%
26James Harden (2016)
92.2%
26James Harden (2018)
92.2%
26James Harden (2019)
92.2%
25James Harden (2017)
92.2%
25James Harden (2018)
92.2%
35Russell Westbrook (2015)
90.2%
31Russell Westbrook (2017)
90.2%
30Russell Westbrook (2011)
90.2%
28Russell Westbrook (2010)
90.2%
28Russell Westbrook (2012)
90.2%
Pts Player % Correct
28Russell Westbrook (2015)
90.2%
26Russell Westbrook (2016)
90.2%
26Damian Lillard (2015)
88.1%
25Kobe Bryant (2004)
87.2%
37Kyrie Irving (2013)
85.2%
32Chris Paul (2014)
84.7%
30Chris Paul (2016)
84.7%
27Chris Paul (2009)
84.7%
26Chris Paul (2008)
84.7%
26Chris Paul (2009)
84.7%
26Chris Paul (2015)
84.7%
26Chris Paul (2016)
84.7%
26Chris Paul (2017)
84.7%
25Chris Paul (2014)
84.7%
25Chris Paul (2018)
84.7%
25Chris Paul (2019)
84.7%
30Dwyane Wade (2010)
83.6%
28Dwyane Wade (2009)
83.6%
36Tony Parker (2009)
82.7%
35Tony Parker (2008)
82.7%
32Steve Nash (2009)
82%
28Steve Nash (2002)
82%
27Steve Nash (2002)
82%
27Steve Nash (2005)
82%
26Steve Nash (2005)
82%
26Steve Nash (2006)
82%
26Steve Nash (2009)
82%
26Steve Nash (2010)
82%
26Steve Nash (2010)
82%
26Steve Nash (2011)
82%
Pts Player % Correct
25Steve Nash (2007)
82%
30John Wall (2017)
78.9%
26John Wall (2017)
78.9%
34Allen Iverson (2005)
75.4%
26CJ McCollum (2018)
70.2%
28DeMar DeRozan (2017)
67.1%
25Derrick Rose (2012)
67.1%
28Mo Williams (2009)
64.3%
30Monta Ellis (2009)
58.1%
34D'Angelo Russell (2018)
54.8%
26Baron Davis (2007)
54.8%
25Baron Davis (2008)
54.8%
27Rajon Rondo (2009)
46.6%
26Amar'e Stoudemire (2004)
46.2%
26Donovan Mitchell (2018)
40.6%
30Stephon Marbury (2004)
33.2%
28Stephon Marbury (2005)
33.2%
27Stephon Marbury (2004)
33.2%
25Stephon Marbury (2004)
33.2%
26Stephen Jackson (2009)
26.4%
45Andre Miller (2010)
26.2%
26Devin Harris (2008)
22.4%
28Lonzo Ball (2017)
22.3%
27Jrue Holiday (2012)
16.5%
26Sam Cassell (2004)
16.5%
27Steve Francis (2004)
16.4%
27Dennis Schroder (2017)
13.1%
25Nick Van Exel (2003)
4.3%

You're not logged in!

Compare scores with friends on all Sporcle quizzes.
OR
Log In

Sporcle TV

Today on Sporcle TV


Watch our educational content, quiz creation guides, and fun videos on Sporcle TV.

Show Comments

Extras

Top Quizzes Today


Score Distribution

Your Account Isn't Verified!

In order to create a playlist on Sporcle, you need to verify the email address you used during registration. Go to your Sporcle Settings to finish the process.

Report this User

Report this user for behavior that violates our Community Guidelines.

Details: